| 000 | 00748nam a2200277Ia 4500 | ||
|---|---|---|---|
| 005 | 20260320195826.0 | ||
| 008 | 008 262003s9999 xx 000 0 hin d | ||
| 020 | _a9788126730841 | ||
| 037 | _aEBOOK | ||
| 040 | _aCRL | ||
| 040 | _bhin | ||
| 040 | _cCRL | ||
| 041 | _2hin | ||
| 041 | _ahin | ||
| 084 | _qCRL | ||
| 100 |
_aराजकुमार _91133233 |
||
| 245 | 0 | _aहिन्दी की जातीय संस्कृति और औपनिवेशिकता | |
| 250 | _a1st | ||
| 260 | _bRajkamal | ||
| 260 | _c2018 | ||
| 300 | _a218 | ||
| 856 | _uhttps://ebook.indiaread.in/pdfs/919_hindi_ki_jatiya_sanskriti_aur_aupniveshikta.pdf | ||
| 942 | _cEBOOK | ||
| 999 |
_c1716713 _d1716713 |
||